Match the Metal Song to the Band (Hard Edition) - Statistics

General Stats
  • This quiz has been taken 17 times
    5 since last reset
  • The average score is 14 of 30
Answer Stats
Hint Answer % Correct
Gojira Silvera
100%
Rammstein Bestrafe mich
80%
Metallica The Call Of Ktulu
80%
Anthrax Caught In A Mosh
60%
Avenged Sevenfold Danger Line
60%
Iced Earth Dante's Inferno
60%
System of a Down Forest
60%
Black Sabbath Planet Caravan
60%
Fear Factory Smasher / Devourer
60%
Deftones Street Carp
60%
Amon Amarth Asator
40%
Pantera Drag the Waters
40%
Disturbed Droppin' Plates
40%
Slayer Expendable Youth
40%
Limp Bizkit Full Nelson
40%
Korn Helmet in the Bush
40%
Megadeth High Speed Dirt
40%
Iron Maiden Invaders
40%
Static-X Love Dump
40%
Rage Against the Machine Microphone Fiend
40%
Slipknot Opium of the People
40%
Alice In Chains Sickman
40%
Ozzy Osbourne Suicide Solution
40%
Tool The Patient
40%
Rob Zombie Black Sunshine
20%
Judas Priest Crown of Horns
20%
Kiss Hooligan
20%
Marilyn Manson Killing Strangers
20%
Spiritbox Yellowjacket
20%
Nine Inch Nails You Know What You Are
20%
No matching quizzes found
Score Distribution
Percent of People with Each Score
Percentile by Number Answered
Your Score History
You have not taken this quiz since the last reset